000 01111cam a2200337 a 4500
999 _c234821
_d234821
001 14043184
003 Nust
005 20180711045028.0
008 050422s2004 enk 000 f eng d
010 _a 2005434227
015 _aGBA4-X1909
020 _a9780349118697
_cRs. 420
035 _a(OCoLC)ocm59263872
038 _aArshad
040 _aUKV3G
_cUKV3G
_dUKM
_dNDD
_dOCL
_dDLC
042 _alccopycat
043 _ae-uk-st
050 0 0 _aPR6063.C326
_bS86 2004c
082 0 4 _a823.914
_bSMI
100 1 _aMcCall Smith, Alexander,
_d1948-
_910330
245 1 4 _aThe Sunday Philosophy Club /
_cAlexander McCall Smith.
260 _aLondon :
_bLittle, Brown,
_c2004
300 _a297 p. ;
_c23 cm.
650 0 _aWomen philosophers
_zScotland
_zEdinburgh
_vFiction.
_910331
650 0 _aWomen detectives
_zScotland
_zEdinburgh
_vFiction.
_910332
651 0 _aEdinburgh (Scotland)
_vFiction.
_910333
655 7 _aMystery fiction.
_2gsafd
_95621
906 _a7
_bcbc
_ccopycat
_d3
_encip
_f20
_gy-gencatlg
942 _2ddc
_cBK